| 000 | 00462nam a22001817a 4500 | ||
|---|---|---|---|
| 005 | 20230116101541.0 | ||
| 008 | 190326b xxu||||| |||| 00| 0 eng d | ||
| 020 | _aN 1552 | ||
| 041 | _aeng | ||
| 082 |
_a615.19 _bBOT-M |
||
| 100 |
_aBOTHARA, DR, K.G. _94903 |
||
| 245 | _aMEDICINAL CHEMISTRY-IV : for B Pharma, (SEM-VIII) | ||
| 250 | _a1st , 2016 | ||
| 260 |
_aPUNE _bNIRALI PRAKASHAN |
||
| 300 | _aI.6p, | ||
| 650 |
_aPHARMACY _xB.PHARMA _97083 |
||
| 942 | _cBK | ||
| 999 |
_c5776 _d5774 |
||